Proces nákupu a riadenie vstupnej kontroly vo výrobnom podniku diplomová práca

Salvato in:
Dettagli Bibliografici
Autore principale: Chrastinová, Lenka
Ente Autore: Obchodná fakulta EU. Katedra marketingu
Altri autori: Kita, Jaroslav
Natura: Libro
Lingua:slovacco
Pubblicazione: Bratislava 2009
Tags: Aggiungi Tag
Nessun Tag, puoi essere il primo ad aggiungerne!!

MARC

LEADER 00000nam$a2200000$$$4500
001 0097939
005 20240318135512.0
041 0 |a slo 
044 |a SK 
245 1 0 |a Proces nákupu a riadenie vstupnej kontroly vo výrobnom podniku  |b diplomová práca  |c Lenka Chrastinová ; škol. Jaroslav Kita 
264 1 |a Bratislava  |c 2009 
300 |a 70 s. 
100 1 |a Chrastinová, Lenka 
700 1 |a Kita, Jaroslav 
710 2 |a Obchodná fakulta EU. Katedra marketingu